| 000 | 00837nam a2200217 a 4500 | ||
|---|---|---|---|
| 001 | 12949 | ||
| 003 | BD-JhCC | ||
| 005 | 20230605184335.0 | ||
| 008 | 230605s2021 bg |||| |||| 000 0 ben d | ||
| 035 | _a(BD-JhCC)12948 | ||
| 040 |
_aBD-JhCC _dBD-JhCC |
||
| 041 | _aben | ||
| 082 |
_a297.74 _bABU 2021 |
||
| 100 | _a আবু শাদী, শাইখ ড. খালিদ | ||
| 245 |
_aসূরা কাহাফের আলোকে মুক্তির পথ ও পাথেয় / _cশাইখ ড. খালিদ আবু শাদী; রাশেদুল আলম (অনু.) |
||
| 260 |
_aঢাকা : _bফেরা প্রকাশন, _c২০২১ |
||
| 300 |
_a১৭৬ পৃ. : _c২১ সেমি. |
||
| 650 |
_aDawah _vIslam |
||
| 700 | _aআলম, রাশেদুল | ||
| 942 |
_2ddc _cBK |
||
| 999 |
_c12949 _d12949 |
||